Thủ thuật Word 9. X-2000 /

Làm chữ đậm và nghiêng bằng bàn phím; Thay đổi chữ in - thường; Mở nhiều file đồng thời; Đóng tất cả các tài liệu; Chọn văn bản; Di chuyển văn bản; Định dạng kiểu thụt dòng; Dùng co chữ dạng phân số; File sau cùng được mở trước tiên; Thủ thuật Tab......

Ful tanımlama

Kaydedildi:
Detaylı Bibliyografya
Yazar: Đinh Vũ Nhân.
Materyal Türü: Kitap
Dil:Vietnamese
Baskı/Yayın Bilgisi: Tp.HCM : Thanh niên, 2000.
Konular:
Etiketler: Etiketle
Etiket eklenmemiş, İlk siz ekleyin!
Thư viện lưu trữ: Mạng thư viện Đại học Đà Nẵng
LEADER 01189cam a2200349 i 4500
001 000042767
003 642
005 20041027163036.0
008 010217b2000 vm 000 vie
020 |c 13000 
040 |a IRC  |c IRC  |d IRC 
041 0 |a vie 
082 1 4 |a 005.15  |b ĐI-N 
100 1 |a Đinh Vũ Nhân. 
245 1 0 |a Thủ thuật Word 9. X-2000 /  |c Đinh Vũ Nhân. 
260 |a Tp.HCM :  |b Thanh niên,  |c 2000. 
300 |a 221 tr. ;  |c 15,5 cm. 
520 3 |a Làm chữ đậm và nghiêng bằng bàn phím; Thay đổi chữ in - thường; Mở nhiều file đồng thời; Đóng tất cả các tài liệu; Chọn văn bản; Di chuyển văn bản; Định dạng kiểu thụt dòng; Dùng co chữ dạng phân số; File sau cùng được mở trước tiên; Thủ thuật Tab... 
630 0 4 |a Tin học. 
630 0 4 |a Word. 
630 0 4 |a Computer programs. 
650 0 4 |a Microsoft Word (Chương trình máy tính) 
OWN |a DUT 
999 |a From the UDN01 
TYP |a Monograph 
TYP |a Printed language 
980 |a Mạng thư viện Đại học Đà Nẵng